000 00497nam a22001817a 4500
005 20251108164011.0
008 250721s2001 xx 000 0 ara d
082 1 4 _a613/خفي
100 1 _aخفير، محمد توفيق
245 1 0 _aمبادىء في الصحة و السلامة العامة /
264 1 _aعمان :
_bدار صفاء،
_c2001.
300 _a328ص
650 1 7 _aالصحة
650 1 7 _aالإصحاح
650 1 7 _aالسلامة
942 _2ddc
_cBK
999 _c1101
_d1101